| 000 | 00368nam a2200145Ia 4500 | ||
|---|---|---|---|
| 008 | 191201s2007 xx 000 0 und d | ||
| 082 |
_a658 _bPAE |
||
| 100 | _aPARTHASARATHY, S | ||
| 245 | 0 | _aEnterprise Resource Planning : A Managerial & Technical Perspective | |
| 250 | _a1st | ||
| 260 |
_aN.Delhi _b2007 _c2007 |
||
| 300 | _a141 | ||
| 650 | _aMBA | ||
| 942 |
_2ddc _cBK |
||
| 999 |
_c2733 _d2733 |
||